<?xml version="1.0" encoding="UTF-8"?>
<collection xmlns="http://www.loc.gov/MARC21/slim">
 <record>
  <leader>00873cam a2200169 7i4500</leader>
  <controlfield tag="001">0000137706</controlfield>
  <controlfield tag="005">20080818090000.0</controlfield>
  <controlfield tag="002">  0000002776</controlfield>
  <datafield tag="090" ind1="0" ind2="0">
   <subfield code="a">LI 27 FPE 3 2005 </subfield>
  </datafield>
  <datafield tag="100" ind1="0" ind2="#">
   <subfield code="a">Wan Zuliana Mior Sharifuddin </subfield>
  </datafield>
  <datafield tag="245" ind1="1" ind2="0">
   <subfield code="a">Industrial training report at Law and Associates.  </subfield>
   <subfield code="c">Wan Zuliana Mior Sharifuddin.</subfield>
  </datafield>
  <datafield tag="260" ind1="#" ind2="#">
   <subfield code="a">Terengganu: </subfield>
   <subfield code="b">Kolej Universiti Sains dan Teknologi Malaysia, </subfield>
   <subfield code="c">2005.</subfield>
  </datafield>
  <datafield tag="300" ind1=" " ind2=" ">
   <subfield code="a">xi, 86 p.; </subfield>
   <subfield code="c">30 cm..</subfield>
  </datafield>
  <datafield tag="502" ind1="#" ind2="#">
   <subfield code="a">Industrial Training FPE (Bachelor of Accountancy) 2005</subfield>
  </datafield>
  <datafield tag="520" ind1=" " ind2=" ">
   <subfield code="a">Law and Associates was established in 7 th May, 1988 as a Chartered Accontants firms providing services in the field of auditing, secretarial, tax and management consultancy services to a wide range of clients from sole proprietors, partnership to ll and medium size company</subfield>
  </datafield>
  <datafield tag="602" ind1="#" ind2="#">
   <subfield code="a">Latihan Industri FPE 2005</subfield>
  </datafield>
  <datafield tag="999" ind1=" " ind2=" ">
   <subfield code="a">1100039049</subfield>
   <subfield code="b">Book</subfield>
   <subfield code="c">Latihan Industri</subfield>
   <subfield code="e">KOLEKSI KHAS</subfield>
  </datafield>
 </record>
</collection>
